Expositio super librum boethii de Trinitate: ad fidem codicis autograph nec non caterorum codicum manuscriptorum
में बचाया:
| मुख्य लेखक: | |
|---|---|
| स्वरूप: | पुस्तक |
| भाषा: | लैटिन |
| प्रकाशित: |
Leiden
E. J. Brill
1965
|
| श्रृंखला: | Studien und Texte zur Geistesgeschichte des Mittelalters, 4
|
| विषय: | |
| टैग: |
टैग जोड़ें
कोई टैग नहीं, इस रिकॉर्ड को टैग करने वाले पहले व्यक्ति बनें!
|
MARC
| LEADER | 00000nam a2200000 a 4500 | ||
|---|---|---|---|
| 001 | UCZ3690 | ||
| 003 | CL-VaPUC | ||
| 008 | 951027e19650000NE |||||||||||||||||lat|d | ||
| 082 | 0 | 4 | |a 189.4 |b TOM |2 21 |
| 100 | |a Tomás de Aquino |d 1220-1274 |c Santo |e author |9 255832 | ||
| 245 | 1 | 0 | |a Expositio super librum boethii de Trinitate: ad fidem codicis autograph nec non caterorum codicum manuscriptorum |
| 300 | |a 245 p | ||
| 942 | |c BK | ||
| 945 | |d 19951027 00:00:00 |a cmena | ||
| 260 | |a Leiden |b E. J. Brill |c 1965 | ||
| 600 | 0 | |a Dios |9 314467 | |
| 650 | 0 | |a Escolasticismo |9 264998 | |
| 650 | 0 | |a Teología |9 258766 | |
| 650 | 0 | |a Creencia Religiosa |9 316904 | |
| 650 | 0 | |a Filosofía de las ciencias |9 256466 | |
| 583 | |a last modification |c 19951027 00:00:00 |k Rodrigo Vera | ||
| 490 | 0 | |a Studien und Texte zur Geistesgeschichte des Mittelalters, 4 | |
| 999 | |c 240139 |d 240137 | ||
| 952 | |0 0 |1 0 |4 0 |6 189_400000000000000_TOM_1965 |7 0 |8 P |9 251779 |a BIBEDU |b BIBEDU |c BIBEDU_PB |d 2019-11-18 |i 1589547 |o 189.4 TOM 1965 |p 1589547 |r 2024-01-25 |w 2019-11-18 |y BK |k FIL | ||